Identification of protein ligands in complex biological samples using intensity-fading MALDI-TOF mass spectrometry /
Saved in:
| Other Authors: | , , , , |
|---|---|
| Format: | Article |
| Language: | English |
| Subjects: | |
| Tags: |
Add Tag
No Tags, Be the first to tag this record!
|
| Institutions: | Thư viện Trường Đại học Đà Lạt |
|---|
| LEADER | 00990nam a2200325 4500 | ||
|---|---|---|---|
| 001 | DLU090097157 | ||
| 005 | ##20091201 | ||
| 040 | # | # | |a DLU |b eng |
| 041 | # | # | |a eng |
| 044 | # | # | |a us |
| 245 | # | # | |a Identification of protein ligands in complex biological samples using intensity-fading MALDI-TOF mass spectrometry / |c Josep Villanueva ... [et al.]. |
| 653 | # | # | |a Biological compounds |
| 653 | # | # | |a Ligands |
| 653 | # | # | |a Mass spectrometry |
| 653 | # | # | |a Protein |
| 700 | # | # | |a Aviles, Francesc X. |
| 700 | # | # | |a Querol, Enrique. |
| 700 | # | # | |a Serrano, Luis. |
| 700 | # | # | |a Villanueva, Josep. |
| 700 | # | # | |a Yanes, Oscar. |
| 773 | # | # | |t Analytical Chemistry |g Vol. 75, no. 14 (July 2003), p. 3385-3395 |
| 920 | # | # | |a Phòng Tạp chí -- Trung tâm Thông tin - Thư viện Trường Đại học Đà Lạt |
| 994 | # | # | |a DLU |
| 900 | # | # | |a True |
| 911 | # | # | |a Trương Bảo Trâm Anh |
| 925 | # | # | |a G |
| 926 | # | # | |a A |
| 927 | # | # | |a BB |
| 980 | # | # | |a Thư viện Trường Đại học Đà Lạt |